000 02669nam a22003617a 4500
005 2010101908158.0
008 101019t xxu||||| |||| 00| 0 hin d
010 _aHIN-96250-52 B-490234-236
020 _c1750.00 (तीन खंडो का)
_a9789381467114
035 _aHN-68596-98 B-490234-236
037 _bDBAD / PUB
037 _bब्लूबेरी बुक्स
040 _aDPL
_bHN
082 _a821
100 _923632
_aवंशी, बलदेव
245 _aकविता-समग्र /
_bबलदेव वंशी
260 _aनयी दिल्ली
_bकिताबघर प्रकाशन
_c2012
270 _bनयी दिल्ली
_a4855-56/24,अंसारी रोड, दरियागंज,
_e110002
300 1 _a3-भाग,भा-1,415,भा-2,371,भा-3,331पृ.
_c22सेमी (सजिल्द)
650 _9657
_aहिन्दी कविता
650 _934273
700 _948760
710 _934811
710 _935049
942 _2ddc
_cHN
_mवंशीब
_h821
999 _c67781
_d67781